Movie Posters By A Quiz Stats

 Plays Quiz Updated Nov 1, 2017

Challenge
Share
Tweet
Score 0/18 Timer 05:00
0 Plays Today
% Correct
Indiana Jones
95%
Jurassic Park
92.8%
Harry Potter
90.4%
Star Trek
85.3%
Star Wars
77.9%
Moana
76.7%
Jaws
69.8%
Apocalypse Now
61.2%
L.A. Confidential
59.5%
% Correct
American Beauty
57.8%
WALL-E
57.1%
Kick-Ass
55.1%
Braveheart
32.6%
Shaun of the Dead
27.5%
The Matrix
21.2%
Mad Max: Fury Road
17.2%
Amélie
12.9%
Casino Royale
4%

You're not logged in!

Compare scores with friends on all Sporcle quizzes.
OR
Log In

You Might Also Like...

Show Comments

Extras

Top Quizzes Today


Score Distribution

Your Account Isn't Verified!

In order to create a playlist on Sporcle, you need to verify the email address you used during registration. Go to your Sporcle Settings to finish the process.

Report this User

Report this user for behavior that violates our Community Guidelines.

Details: